000 01595nam a2200241Ia 4500
999 _c51702
_d51702
001 18693
003 GE_BSU
005 20220920163145.0
008 181216s2008||||ge |||||||||||||| ||geo||
040 _cGE_BSU
041 _ageo
080 _a57 მ-74
100 _aმიქაშავიძე, ე.
_910682
245 _aშავი ზღვის საქართველოს შელფის მაკრობენთოსი, ბიომრავალფეროვნება და თანამედროვე მდგომარეობა : დისერტაცია /
_cე. მიქაშავიძე; მეცნ. ხელმძღვანელი რ. ზოსიძე; ბათუმის შოთა რუსთაველის სახ-ფო უნ-ტი.
264 _aბათუმი :
_bბათუმის შოთა რუსთაველის სახ. უნ-ტი,
_c2008.
300 _a157 გვ. ;
_b30 სმ.
653 _aბიოლოგია
653 _aდისერტაცია
653 _aშავი ზღვის საქართველოს შელფის მაკრობენთოსი, ბიომრავალფეროვნება და თანამედროვე მდგომარეობა
700 _aზოსიძე, რ.
_eმეცნ. ხელმძღვანელი
_910683
710 _aბათუმის შოთა რუსთაველის სახ-ფო უნ-ტი.
_910684
942 _cBK
_2udc